[Event "Qatar Masters op"]
[Site "Doha"]
[Date "2014.12.03"]
[Round "8"]
[White "Salem, AR Saleh"]
[Black "Kramnik, Vladimir"]
[Result "0-1"]
[WhiteElo "2586"]
[BlackElo "2760"]
[Annotator "Sagar Shah"]
[PlyCount "110"]
[EventDate "2014.11.26"]
[EventType "swiss"]
[EventRounds "9"]
[EventCountry "QAT"]
[SourceTitle "CBM 164"]
[Source "ChessBase"]
[SourceDate "2015.01.15"]
[SourceVersion "1"]
[SourceVersionDate "2015.01.15"]
[SourceQuality "1"]

1. d4 Nf6 2. c4 e6 3. Nf3 d5 4. Nc3 Nbd7 {This is a small tweak in the opening.
Main moves are of course Be7 which leads to the QGD and Bb4 which leads to the
Ragozin. With this move Nbd7, Black keeps the game in QGD territory but gets
some additional options.} 5. Bg5 (5. Bf4 c6 6. e3 Nh5 {Though only tried in
blitz by Carlsen and Kramnik, it could be possible that Kramnik was intending
to play this today and that is the reason why he chose 4...Nbd7 move order.})
5... h6 6. Bh4 Be7 7. e3 O-O 8. Rc1 c5 9. cxd5 Nxd5 (9... exd5 10. Bd3 $14 {
is a definite edge for White from the opening.}) 10. Bxe7 Nxe7 {White should
be slightly better here. Black has played the opening quite unambitiously. But
White's advantage is not very threatening as Kramnik proves over the next few
moves.} 11. Be2 {The bishop looks much better placed on e2 than on d3.} (11.
Bd3 b6 12. O-O Bb7 13. Qe2 (13. e4 cxd4 14. Nxd4 Ng6 $15) 13... Bxf3 $1 14.
Qxf3 cxd4 15. exd4 Nf6 $11 {In this IQP position where two pairs of minor
pieces have been exchanged and also the d5-square is under the control of the
knights, Black shouldn't be worse.}) 11... b6 12. O-O Bb7 13. dxc5 Nxc5 14. Nd4
(14. Qxd8 Rfxd8 15. Rfd1 Nd5 (15... Rac8 16. Nb5 Rxd1+ 17. Rxd1 Bd5 $11) 16.
Nxd5 Bxd5 17. b3 $11 {and in this symmetrical position I wonder how Kramnik
would have won. But I am nowhere near Kramnik's technique so it's better that
I do not get into it! The position however looks completely drawish.}) 14...
Nf5 $5 15. Nxf5 exf5 {Why would Kramnik voluntarily double his pawns? Maybe he
just wanted to unbalance the position in some way or the other, no matter how
little.} 16. Bf3 $6 {I dislike this move. It might be objectively fine but if
White wanted to play safely then why not just exchange the queens and play
Rfd1?} (16. Qxd8 Rfxd8 17. Rfd1 $11 {[%cal Gf2f3,Gg1f2]}) 16... Qxd1 17. Rfxd1
Bxf3 18. gxf3 Rfd8 19. Kf1 {Bringing the king into the centre is natural.} (19.
Rxd8+ Rxd8 20. Rd1 Rxd1+ 21. Nxd1 {This position might not hold any advantage
for Black but it is a very timid decision of trying to exchange both the rooks
and bringing your knight to an unfavourable square. Something that Salem Saleh
being an aggressive player would dislike. Also White has no reasons to resort
to such exchanging operations.}) 19... g6 20. Ke2 Kg7 21. Nb5 Kf6 22. Rxd8 Rxd8
23. b4 (23. Nxa7 {I like this variation because it is quite unusual.} Ra8 24.
Nc8 $5 {This is the surprising move.} Rxa2 (24... Rxc8 25. b4 Ra8 (25... Ke5
26. bxc5 bxc5 27. a4 Kd5 28. Kd3 Ra8 29. Ra1 Ra5 30. Kc3 h5 31. h4 $11) 26.
bxc5 Rxa2+ 27. Kf1 bxc5 28. Rxc5 $11 {and even the best technique in the world
cannot win this.}) 25. Rc2 Ra6 (25... Na4 26. Kd2 Ra1 27. b3 Nc5 28. b4 Nd7 29.
f4 Rh1 30. Rc7 $14) 26. Nxb6 Rxb6 27. Rxc5 $11) 23... Ne6 24. Rc6 (24. Nc7 Rd7
(24... Rc8 25. Nd5+ $18) 25. Nxe6 fxe6 $11) 24... Ke7 25. a3 Rd7 26. Rc8 a6 27.
Nc3 b5 28. Ra8 Rd6 29. Rh8 (29. Nb1 {with the idea of placing the knight on b3
via d2 is a good idea. It would tie up the knight on e6.} Kf6 30. Nd2 Kg5 31.
f4+ Kh4 32. Nf3+ Kh3 33. Ne5 {And it is White who is creating some dangerous
play.}) 29... g5 $1 (29... h5 {was also possible but the move g5 has a very
deep idea behind it. Kramnik wants to keep the h5-square free for his king
which would embark on a journey to attack the h2-pawn.}) (29... Rc6 $5 30. Kd3
Ng5 31. f4 Nh3 32. f3 Nf2+ 33. Kd2 Rd6+ 34. Ke2 Nd3 $36 {Black has an edge.})
30. Ra8 (30. Rxh6 $2 Nf4+ $19) 30... Kf6 $1 {[%csl Rh2][%cal Gf6g6,Gg6h5,Gh5h4,
Gh4h3] Kramnik now starts a king march towards the weakest point in White's
camp. Any guesses? Of course the h2-pawn!} 31. Ra7 Kg6 32. Na2 Nd8 33. Ke1 $2 {
Why waste time? It would have been better to execute the manoeuvre of putting
the N on c5 via Nc1-b3-c5.} Kh5 {As Lasker said, "It is better to follow out a
plan consistently even if it isn't the best one than to play without a plan at
all". Here Black has a clear-cut plan of attacking the h2-pawn while White is
doing nothing much. That is the main reason why his position slowly goes
downhill.} 34. Nc1 Kh4 35. Nb3 Kh3 {Doesn't this king route remind you of the
game Cohn-Rubinstein that was played in St.Petersburg in 1909 where the God of
endgame play marched his king to the h3-square in a pure pawn endgame to
attack the weak pawn on h2. It could be possible that Kramnik was motivated to
find this idea from that game of Rubinstein.} 36. Nd4 (36. Nc5 Kxh2 37. Rxa6
Rxa6 38. Nxa6 Kg2 $19 {The h-pawn queens easily.}) 36... f4 37. Ra8 (37. Nf5 {
also doesn't really help.} Rf6 38. e4 (38. Nd4 Kxh2 {is also possible.}) 38...
Kg2 39. Ra8 Nc6 40. Rxa6 Re6 41. a4 (41. Ke2 Nd4+ $19) 41... bxa4 42. Rxa4 (42.
b5 Ne5 43. Rxe6 fxe6 44. Nd4 a3 45. Ke2 a2 46. Nc2 (46. Nb3 Nxf3 47. b6 Nd4+
$19) 46... Nxf3 $19) 42... Ne5 43. Ke2 Nxf3 $19) 37... Kxh2 38. Nf5 Rf6 39. e4
(39. Nxh6 Rxh6 40. Rxd8 Kg2 {is a scary position, particularly because Ke2
doesn't work here.} 41. Ke2 $2 (41. Rg8 $1 {would lead most probably to a draw.
} Kxf3 42. Rxg5 fxe3 43. Rf5+ Ke4 44. Rxf7 exf2+ 45. Kxf2 Rh3 46. Ke2 Rxa3 47.
Kd2 $11) 41... g4 $1 42. fxg4 f3+ $19) 39... Nc6 40. Rxa6 Rg6 {You can bank on
the fact that in this technical phase of the game, Kramnik will be the most
accurate.} 41. Kf1 {Trying to lock the king in on h2.} Ne5 42. Ra5 (42. Rxg6
fxg6 43. Nd4 h5 44. Nxb5 g4 45. fxg4 hxg4 $19 {[%cal Gg4g3,Gg3g2]}) 42... Nxf3
43. Rxb5 {It is a race between the pawns now but Black's pawns supported by
the king are way faster than the white pawns. Also there will be mating nets
being formed around the white king.} g4 (43... h5 {was the more accurate way
to start.} 44. a4 h4 45. a5 h3 46. Rb6 Nd2+ 47. Ke2 Kg2 $19) (43... Nd2+ 44.
Ke2 Nxe4 45. Re5 {gives White unnecessary counterplay.}) 44. Rd5 (44. a4 Rc6 $1
(44... g3 45. Nxg3 $1 Nd2+ 46. Ke2 fxg3 47. fxg3 Nxe4 48. Kf3 Nxg3 49. Rc5 $17
{White has some drawing chances because the black forces are not co-ordinated.}
) 45. Rc5 Rxc5 46. bxc5 g3 47. fxg3 fxg3 48. Nxg3 Kxg3 49. c6 Nd2+ 50. Ke2 Nxe4
51. c7 Nd6 52. a5 h5 53. a6 Nc8 $19) 44... h5 45. Ng3 h4 (45... fxg3 46. Rxh5+
Nh4 47. Rxh4# {would be horrible!}) 46. Ne2 g3 47. fxg3 (47. Nxf4 g2+ 48. Nxg2
Rxg2 $19) 47... fxg3 {Now it is just winning for Black.} 48. b5 Rf6 49. Rf5
Rxf5 50. exf5 g2+ 51. Kf2 Nd4 52. Ng1 Nxb5 53. a4 Nc3 54. Nf3+ (54. a5 Ne4+ $19
) 54... Kh1 55. a5 h3 (55... h3 56. a6 h2 $19 {A nice technical achievement by
Kramnik. The thing that was impressive about this game was that even though
Vladimir was in a must win situation and he was facing an opponent who was
rated 200 points below him, he wasn't afraid to go into equal positions. He
found those little imbalances like the h2-pawn weakness which would help him
to put pressure on the opponent. Using all his technical superiority he ground
out a win!}) 0-1

[Event "London Classic Elite blitz 6th"]
[Site "London"]
[Date "2014.12.08"]
[Round "1"]
[White "Kramnik, Vladimir"]
[Black "Adams, Michael"]
[Result "0-1"]
[WhiteElo "2769"]
[BlackElo "2745"]
[PlyCount "74"]
[EventDate "2014.12.08"]
[EventType "tourn (blitz)"]
[EventRounds "10"]
[EventCountry "ENG"]
[EventCategory "22"]
[SourceTitle "EXT 2016"]
[Source "ChessBase"]
[SourceDate "2015.10.08"]
[SourceVersion "1"]
[SourceVersionDate "2015.10.08"]
[SourceQuality "1"]

1. Nf3 d5 2. g3 Bg4 3. Bg2 Nd7 4. O-O c6 5. d3 e6 6. h3 Bh5 7. e4 Bd6 8. exd5
cxd5 9. c4 Ne7 10. Nc3 O-O 11. cxd5 exd5 12. Re1 Rc8 13. d4 h6 14. Qb3 Nb6 15.
Ne5 Nc6 16. g4 Bxe5 17. dxe5 Bg6 18. Be3 d4 19. Rad1 d3 20. Nb5 Na5 21. Qb4 Nd5
22. Qd4 Nxe3 23. fxe3 Rc2 24. Nd6 Qh4 25. Qf4 Rxb2 26. Rf1 Qg5 27. h4 Qxh4 28.
e6 Nc6 29. Nxf7 Qe7 30. Bxc6 bxc6 31. Qd6 Re8 32. Qd4 Re2 33. Nxh6+ gxh6 34.
Rf6 Qg7 35. Rdf1 d2 36. Qd7 Re7 37. Qd8+ Kh7 0-1

[Event "London Classic Elite blitz 6th"]
[Site "London"]
[Date "2014.12.08"]
[Round "2"]
[White "Adams, Michael"]
[Black "Kramnik, Vladimir"]
[Result "1-0"]
[WhiteElo "2745"]
[BlackElo "2769"]
[PlyCount "173"]
[EventDate "2014.12.08"]
[EventType "tourn (blitz)"]
[EventRounds "10"]
[EventCountry "ENG"]
[EventCategory "22"]
[SourceTitle "EXT 2016"]
[Source "ChessBase"]
[SourceDate "2015.10.08"]
[SourceVersion "1"]
[SourceVersionDate "2015.10.08"]
[SourceQuality "1"]

1. e4 e5 2. Nf3 Nc6 3. Bc4 Bc5 4. c3 Nf6 5. d3 d6 6. Nbd2 a6 7. Nf1 Be6 8. Bb3
Bxb3 9. axb3 d5 10. Qe2 dxe4 11. dxe4 Ng4 12. Ne3 Nxe3 13. Bxe3 Bxe3 14. Qxe3
O-O 15. O-O Qe7 16. Rfd1 Rfd8 17. Rd5 f6 18. b4 Qe8 19. Qc5 Ne7 20. Rxd8 Qxd8
21. g3 c6 22. Qc4+ Kf8 23. Qe2 Qc7 24. Rd1 Rd8 25. Kg2 Rxd1 26. Qxd1 Ke8 27.
Ne1 g6 28. Nd3 Qd7 29. Qe2 b6 30. Ne1 Qc8 31. Qc4 Kf8 32. Nc2 Kg7 33. Ne3 h5
34. h4 Kf8 35. Qd3 b5 36. Nf1 Kf7 37. Nd2 c5 38. c4 cxb4 39. cxb5 axb5 40. Qxb5
Nc6 41. Nc4 Kg7 42. Nd6 Qd7 43. Qd5 Kh7 44. Qc5 b3 45. Nc4 Nd4 46. Ne3 Kg7 47.
Nd5 Kf7 48. Qb6 Ne6 49. Qxb3 Qc6 50. Qa3 Qb7 51. b4 f5 52. Qd3 Nd4 53. Kh2 Qc6
54. Nc3 Kg7 55. b5 Qc5 56. exf5 gxf5 57. Qe3 Kf7 58. Ne2 Qxb5 59. Nxd4 exd4 60.
Qxd4 Qe2 61. Kg1 Qe1+ 62. Kg2 Qe6 63. Qh8 Qe4+ 64. Kh2 Qf3 65. Qd4 Kg6 66. Kg1
Qc6 67. Kf1 Qb5+ 68. Ke1 Qc6 69. Ke2 Qb5+ 70. Ke3 Qb3+ 71. Qd3 Qb6+ 72. Qd4
Qb3+ 73. Kf4 Qb8+ 74. Ke3 Qb3+ 75. Kd2 Qa2+ 76. Kd3 Qb3+ 77. Qc3 Qd5+ 78. Ke2
Qe4+ 79. Qe3 Qc2+ 80. Kf1 Qd1+ 81. Kg2 Kf7 82. Qf3 Qc2 83. Qxh5+ Kg7 84. Qg5+
Kf7 85. Qf4 Qc6+ 86. Kh2 Qe6 87. g4 1-0

[Event "London Classic Elite blitz 6th"]
[Site "London"]
[Date "2014.12.08"]
[Round "3"]
[White "Giri, Anish"]
[Black "Kramnik, Vladimir"]
[Result "1/2-1/2"]
[WhiteElo "2768"]
[BlackElo "2769"]
[PlyCount "121"]
[EventDate "2014.12.08"]
[EventType "tourn (blitz)"]
[EventRounds "10"]
[EventCountry "ENG"]
[EventCategory "22"]
[SourceTitle "EXT 2016"]
[Source "ChessBase"]
[SourceDate "2015.10.08"]
[SourceVersion "1"]
[SourceVersionDate "2015.10.08"]
[SourceQuality "1"]

1. Nf3 d5 2. g3 g6 3. Bg2 Bg7 4. d4 c6 5. O-O Nf6 6. b3 O-O 7. c4 Bf5 8. Bb2
Nbd7 9. Nbd2 Ne4 10. Nh4 Nxd2 11. Qxd2 Be6 12. e4 dxe4 13. Bxe4 Bh3 14. Rfe1 e6
15. Nf3 Nf6 16. Bc2 Bf5 17. Ne5 Bxc2 18. Qxc2 Qa5 19. a4 Rad8 20. b4 Qc7 21. b5
Nd7 22. Nf3 Rc8 23. Rac1 Rfd8 24. d5 e5 25. dxc6 bxc6 26. bxc6 Qxc6 27. Nxe5
Bxe5 28. Bxe5 Nxe5 29. Rxe5 Rd4 30. a5 Rxc4 31. Qxc4 Qxc4 32. Rxc4 Rxc4 33. Re7
a6 34. Ra7 Rc6 35. g4 Kg7 36. Kg2 Kf6 37. Kg3 h6 38. h4 Ke6 39. f3 g5 40. hxg5
hxg5 41. f4 f6 42. fxg5 fxg5 43. Rg7 Kf6 44. Rb7 Ke5 45. Rf7 Rc3+ 46. Kf2 Rc5
47. Rf5+ Kd4 48. Rxc5 Kxc5 49. Ke3 Kb5 50. Ke4 Kxa5 51. Kf5 Kb5 52. Kxg5 a5 53.
Kh6 a4 54. g5 a3 55. g6 a2 56. g7 a1=Q 57. g8=Q Qh1+ 58. Kg6 Qg2+ 59. Kf7 Qd5+
60. Kg7 Qxg8+ 61. Kxg8 1/2-1/2

[Event "London Classic Elite blitz 6th"]
[Site "London"]
[Date "2014.12.08"]
[Round "5"]
[White "Kramnik, Vladimir"]
[Black "Anand, Viswanathan"]
[Result "1-0"]
[WhiteElo "2769"]
[BlackElo "2793"]
[PlyCount "82"]
[EventDate "2014.12.08"]
[EventType "tourn (blitz)"]
[EventRounds "10"]
[EventCountry "ENG"]
[EventCategory "22"]
[SourceTitle "EXT 2016"]
[Source "ChessBase"]
[SourceDate "2015.10.08"]
[SourceVersion "1"]
[SourceVersionDate "2015.10.08"]
[SourceQuality "1"]

1. Nf3 d5 2. g3 Nf6 3. Bg2 c6 4. d3 Bg4 5. O-O Nbd7 6. Qe1 e6 7. h3 Bxf3 8.
Bxf3 h5 9. Bg2 Qc7 10. e4 dxe4 11. dxe4 Bd6 12. f4 e5 13. Nd2 h4 14. Nc4 Bc5+
15. Be3 Bxe3+ 16. Qxe3 hxg3 17. fxe5 Nxe5 18. Qxg3 Nfd7 19. Rad1 O-O-O 20. Nd6+
Kb8 21. Nxf7 Nxf7 22. Qxc7+ Kxc7 23. Rxf7 Kc8 24. Rxg7 Ne5 25. Rxd8+ Rxd8 26.
h4 Rh8 27. Rg5 Nf7 28. Rf5 Nd6 29. Rf4 Nc4 30. b3 Ne3 31. Kf2 Nxc2 32. e5 Kd7
33. Bh3+ Ke8 34. Bc8 b6 35. Bf5 Na3 36. h5 Ke7 37. Bg6 Ke6 38. Rf6+ Kxe5 39.
Rxc6 Nb5 40. Kg3 Nd6 41. Kg4 Kd5 1-0

[Event "London Classic Elite blitz 6th"]
[Site "London"]
[Date "2014.12.08"]
[Round "6"]
[White "Anand, Viswanathan"]
[Black "Kramnik, Vladimir"]
[Result "0-1"]
[WhiteElo "2793"]
[BlackElo "2769"]
[PlyCount "56"]
[EventDate "2014.12.08"]
[EventType "tourn (blitz)"]
[EventRounds "10"]
[EventCountry "ENG"]
[EventCategory "22"]
[SourceTitle "EXT 2016"]
[Source "ChessBase"]
[SourceDate "2015.10.08"]
[SourceVersion "1"]
[SourceVersionDate "2015.10.08"]
[SourceQuality "1"]

1. Nf3 d5 2. c4 d4 3. e3 Nc6 4. exd4 Nxd4 5. Nxd4 Qxd4 6. Nc3 c6 7. d3 Nh6 8.
Be2 g6 9. h3 Bg7 10. g4 f5 11. Be3 Qd6 12. Qd2 Nf7 13. O-O-O O-O 14. f4 b5 15.
d4 bxc4 16. Bxc4 Be6 17. Qe2 Rab8 18. Rhe1 Bxc4 19. Qxc4 Rb4 20. Qa6 fxg4 21.
hxg4 Nh6 22. Qe2 Qe6 23. Rg1 c5 24. d5 Qb6 25. Qc2 Rb8 26. Rd2 Qa5 27. Nd1 Qxa2
28. Rd3 Rxb2 0-1

[Event "London Classic Pro Biz Cup 6th"]
[Site "London"]
[Date "2014.12.09"]
[Round "1.2"]
[White "Jones, Gawain C B"]
[Black "Kramnik, Vladimir"]
[Result "0-1"]
[WhiteElo "2661"]
[BlackElo "2769"]
[PlyCount "58"]
[EventDate "2014.12.09"]
[EventType "k.o. (rapid)"]
[EventRounds "3"]
[EventCountry "ENG"]
[SourceTitle "CBM 163 Extra"]
[Source "ChessBase"]
[SourceDate "2014.12.23"]
[SourceVersion "1"]
[SourceVersionDate "2014.12.23"]
[SourceQuality "1"]

1. e4 e6 2. Nc3 d5 3. Nf3 Nf6 4. exd5 exd5 5. Bd3 c5 6. O-O Be7 7. b3 O-O 8.
Bb2 Nc6 9. Ba3 Bg4 10. Be2 d4 11. Na4 b6 12. Re1 Bd6 13. c3 dxc3 14. dxc3 Qc7
15. b4 cxb4 16. cxb4 Rad8 17. Qb3 Bxf3 18. Bxf3 Nd4 19. Qd3 Nc2 20. Qb3 Bxh2+
21. Kh1 Nxa1 22. Rxa1 Qf4 23. g3 Bxg3 24. fxg3 Qh6+ 25. Kg2 Rd2+ 26. Kf1 Ng4
27. Ke1 Re8+ 28. Kf1 Qh3+ 29. Bg2 Qxg2# 0-1

[Event "London Classic Pro Biz Cup 6th"]
[Site "London"]
[Date "2014.12.09"]
[Round "3.1"]
[White "Kramnik, Vladimir"]
[Black "Giri, Anish"]
[Result "1/2-1/2"]
[WhiteElo "2769"]
[BlackElo "2768"]
[PlyCount "205"]
[EventDate "2014.12.09"]
[EventType "k.o. (rapid)"]
[EventRounds "3"]
[EventCountry "ENG"]
[SourceTitle "CBM 163 Extra"]
[Source "ChessBase"]
[SourceDate "2014.12.23"]
[SourceVersion "1"]
[SourceVersionDate "2014.12.23"]
[SourceQuality "1"]

1. d4 d5 2. c4 e6 3. Nc3 c5 4. cxd5 exd5 5. Nf3 Nc6 6. g3 Nf6 7. Bg2 Be7 8. O-O
O-O 9. Bg5 c4 10. Ne5 Be6 11. Rc1 h6 12. Bxf6 Bxf6 13. f4 Ne7 14. e4 Bxe5 15.
fxe5 Qd7 16. Qd2 Rac8 17. Rcd1 b5 18. a3 Rcd8 19. exd5 Bxd5 20. Be4 a6 21. Rf6
Bxe4 22. Nxe4 Qxd4+ 23. Qxd4 Rxd4 24. Rxd4 gxf6 25. Nxf6+ Kg7 26. Rd6 Ng6 27.
Nh5+ Kh7 28. e6 fxe6 29. Rxa6 Rd8 30. Ra7+ Kh8 31. Nf6 Nf8 32. Rf7 Rd1+ 33. Kf2
Rd2+ 34. Ke3 Rxb2 35. Rxf8+ Kg7 36. Nd7 Rxh2 37. Rf2 Rh1 38. Ne5 Re1+ 39. Kd4
Rd1+ 40. Kc3 Rd5 41. Re2 Kf6 42. Ng4+ Kg5 43. Nf2 Kf5 44. Kb4 h5 45. Re4 e5 46.
Re3 Rd2 47. Rf3+ Ke6 48. Ne4 Re2 49. Nc3 Rb2+ 50. Kc5 Rb3 51. Re3 Kf5 52. Kd5
Kg4 53. Kxe5 h4 54. gxh4 Rxa3 55. Re4+ Kh5 56. Nd5 c3 57. Ne3 c2 58. Nxc2 Rh3
59. Rb4 Rxh4 60. Nd4 Kg6 61. Rb2 Rh5+ 62. Ke6 Rh4 63. Rg2+ Kh5 64. Nf3 Rf4 65.
Ne5 Rf1 66. Rb2 Kg5 67. Rxb5 Rf6+ 68. Kd5 Rf1 69. Rb8 Rd1+ 70. Ke6 Re1 71. Rg8+
Kh5 72. Rg2 Rf1 73. Kd5 Rd1+ 74. Ke4 Ra1 75. Kf4 Kh6 76. Rf2 Kg7 77. Kf5 Ra6
78. Rg2+ Kf8 79. Rh2 Ke7 80. Rh7+ Kd8 81. Rg7 Kc8 82. Ke4 Rd6 83. Nc4 Rd1 84.
Ke5 Kb8 85. Nd6 Rc1 86. Kd5 Rd1+ 87. Kc5 Rc1+ 88. Nc4 Kc8 89. Rf7 Rc2 90. Kd5
Rc1 91. Rh7 Kb8 92. Rg7 Kc8 93. Nd6+ Kb8 94. Nb5 Kc8 95. Kd6 Rd1+ 96. Kc6 Rc1+
97. Kb6 Kd8 98. Nc7 Rc2 99. Ne6+ Ke8 100. Kb7 Rc1 101. Nc7+ Kf8 102. Ne6+ Ke8
103. Nc7+ 1/2-1/2

[Event "London Classic Pro Biz Cup 6th"]
[Site "London"]
[Date "2014.12.09"]
[Round "3.2"]
[White "Giri, Anish"]
[Black "Kramnik, Vladimir"]
[Result "1/2-1/2"]
[WhiteElo "2222"]
[BlackElo "2769"]
[PlyCount "69"]
[EventDate "2014.12.09"]
[EventType "k.o. (rapid)"]
[EventRounds "3"]
[EventCountry "ENG"]
[SourceTitle "CBM 163 Extra"]
[Source "ChessBase"]
[SourceDate "2014.12.23"]
[SourceVersion "1"]
[SourceVersionDate "2014.12.23"]
[SourceQuality "1"]

1. d4 c5 2. e3 Nf6 3. Nf3 b6 4. c4 g6 5. Nc3 Bg7 6. Bd3 cxd4 7. exd4 d5 8. O-O
Bb7 9. Bg5 O-O 10. Bxf6 Bxf6 11. cxd5 Bxd5 12. Nxd5 Qxd5 13. Qe2 Qd6 14. Be4
Nc6 15. Ne5 Bxe5 16. Bxc6 Qxc6 17. dxe5 Rac8 18. Rad1 Rfd8 19. h4 Kg7 20. h5
Rd5 21. Rxd5 Qxd5 22. Rd1 Qxa2 23. Qd2 h6 24. hxg6 Kxg6 25. Qd3+ Kg7 26. Qg3+
Kh7 27. Qd3+ Kg7 28. Qg3+ Kh7 29. Qd3+ Kg7 30. Qg3+ Kh7 31. Qd3+ Kg7 32. Qg3+
Kh7 33. Qd3+ Kg7 34. Qg3+ Kh7 35. Qd3+ 1/2-1/2

[Event "London Classic Pro Biz Cup 6th"]
[Site "London"]
[Date "2014.12.09"]
[Round "3.3"]
[White "Kramnik, Vladimir"]
[Black "Giri, Anish"]
[Result "1/2-1/2"]
[WhiteElo "2769"]
[BlackElo "2768"]
[PlyCount "82"]
[EventDate "2014.12.09"]
[EventType "k.o. (rapid)"]
[EventRounds "3"]
[EventCountry "ENG"]
[SourceTitle "CBM 163 Extra"]
[Source "ChessBase"]
[SourceDate "2014.12.23"]
[SourceVersion "1"]
[SourceVersionDate "2014.12.23"]
[SourceQuality "1"]

1. Nf3 c5 2. g3 Nc6 3. Bg2 g6 4. O-O Bg7 5. d3 e6 6. Bg5 Nge7 7. Qc1 h6 8. Bd2
d5 9. Nc3 g5 10. a3 Ng6 11. b4 cxb4 12. axb4 Nxb4 13. Nb5 Nc6 14. Qa3 Qe7 15.
Qxe7+ Kxe7 16. Ra2 g4 17. Ne1 Bd7 18. c4 dxc4 19. dxc4 a6 20. Nc3 Rac8 21. Ne4
Bd4 22. Nc2 Ba7 23. Rb1 Rc7 24. Bc3 Nge5 25. c5 f5 26. Nd4 Rf8 27. Nxc6+ Nxc6
28. Nd6 Bxc5 29. Nxb7 Bd4 30. Bxc6 Bxc3 31. Bxd7 Rxd7 32. Nc5 Rc7 33. Nxa6 Ra7
34. Ra4 Rd8 35. e3 Rd6 36. Nc5 Rxa4 37. Nxa4 Be5 38. Nc5 Rc6 39. Nd3 Bd6 40.
Rb3 Kf6 41. Kg2 h5 1/2-1/2

[Event "London Classic Pro Biz Cup 6th"]
[Site "London"]
[Date "2014.12.09"]
[Round "3.4"]
[White "Giri, Anish"]
[Black "Kramnik, Vladimir"]
[Result "1/2-1/2"]
[WhiteElo "2768"]
[BlackElo "2769"]
[PlyCount "51"]
[EventDate "2014.12.09"]
[EventType "k.o. (rapid)"]
[EventRounds "3"]
[EventCountry "ENG"]
[SourceTitle "CBM 163 Extra"]
[Source "ChessBase"]
[SourceDate "2014.12.23"]
[SourceVersion "1"]
[SourceVersionDate "2014.12.23"]
[SourceQuality "1"]

1. e4 e5 2. Nf3 Nc6 3. Bb5 Nf6 4. O-O Nxe4 5. Re1 Nd6 6. Nxe5 Be7 7. Bf1 Nf5 8.
c3 Nxe5 9. Rxe5 d6 10. Re1 O-O 11. d4 d5 12. Bf4 c6 13. Nd2 Bd6 14. Bxd6 Nxd6
15. Bd3 Bf5 16. Bxf5 Nxf5 17. Qf3 g6 18. g3 Qd7 19. Re2 Rae8 20. Rae1 Nd6 21.
Qf4 Kg7 22. Kg2 f6 23. h4 h6 24. Rxe8 Rxe8 25. Rxe8 Nxe8 26. Nb3 1/2-1/2

[Event "London Classic Pro Biz Cup 6th"]
[Site "London"]
[Date "2014.12.09"]
[Round "3.5"]
[White "Kramnik, Vladimir"]
[Black "Giri, Anish"]
[Result "0-1"]
[WhiteElo "2769"]
[BlackElo "2222"]
[PlyCount "68"]
[EventDate "2014.12.09"]
[EventType "k.o. (rapid)"]
[EventRounds "3"]
[EventCountry "ENG"]
[SourceTitle "CBM 163 Extra"]
[Source "ChessBase"]
[SourceDate "2014.12.23"]
[SourceVersion "1"]
[SourceVersionDate "2014.12.23"]
[SourceQuality "1"]

1. d4 d5 2. c4 e6 3. Nc3 Nf6 4. cxd5 exd5 5. Bg5 Be7 6. e3 c6 7. Bd3 O-O 8. Qc2
Nbd7 9. Nge2 Re8 10. O-O Nf8 11. f3 Nh5 12. Bxe7 Qxe7 13. e4 Be6 14. e5 g6 15.
f4 Ng7 16. Ng3 f5 17. exf6 Qxf6 18. Qf2 Nf5 19. Nxf5 Bxf5 20. Bxf5 Qxf5 21.
Rae1 Nd7 22. h3 h5 23. Kh1 Kf7 24. Qf3 Rxe1 25. Rxe1 Re8 26. Rxe8 Kxe8 27. Qe3+
Kf7 28. Kh2 h4 29. Qf2 g5 30. Ne2 Nf6 31. Qe3 g4 32. Nc3 g3+ 33. Kg1 Qc2 34. b3
Ne4 0-1